000 00521nam a2200181Ia 4500
008 191130s1995##################000#0#eng##
020 _a406037957
040 _aACL
_cACL
082 _a348.4204 VAN
245 _aThe all England law reports 1995
_cedited by Caroline vandridge-Ames LLM
260 _aLondon
_bButterworth & Co
_c1995
300 _a992 p.; 23 cm.
650 _aLaw- Reports
700 _aVandridge Ames, Caroline
990 _a079ff2fbac10000c4a80cc5cf9e4acbf
991 _a390917
999 _c300789
_d300789